000
00229nam a2200085Ia 4500
245
0
_a
Furnace : death sentence
100
_a
Smith, Alexander Gordon, London, 2009
942
_c
BK
008
210819s9999 xx 000 0 und d
999
_c
301982
_d
301981